000 00789cam a2200253 i 4500
999 _c127928
_d127928
001 4181458
003 ARRUPE
005 20180413091037.0
008 790611s1978 fr a 001 0 fre
010 _a 79352873
015 _aF78-7802
020 _a2226006338 :
_c39.00F
040 _aDLC
_cDLC
_dDLC
050 0 0 _aCS2375.F8
_bL39
082 0 0 _a133
_219
100 1 _aLe Rouzic, Pierre.
_941506
245 1 3 _aUn Prénom pour la vie :
_bchoix, rôle, influence du prénom /
_cPierre Le Rouzic.
260 _aParis :
_bA. Michel,
_c1978.
300 _a424 p. :
_bill. ;
_c23 cm.
500 _aIncludes index.
650 0 _aNames, Personal
_xFrench.
_941507
650 0 _aCharacters and characteristics.
_928009
906 _a7
_bcbc
_corignew
_d4
_encip
_f19
_gy-gencatlg
942 _2lcc
_cMONOGRAPH